000
00289nam a22001337a 4500
008
170614b xxu||||| |||| 00| 0 eng d
020
_a
9780198279211
041
_a
eng
080
_a
94
100
_a
17
101
_a
SHH
245
_a
MARXISM AND DEMOCRACY
_c
FEMIA,J.V
942
_2
udc
_c
BK
999
_c
17313
_d
17313